Doğru ve güvenli yargı özlemi ve yeniden yapılanma (Record no. 1375)
[ view plain ]
| 000 -BAŞLIK | |
|---|---|
| Sabit Uzunlukta Kontrol Alanı | 00727na a2200253 4500 |
| 001 - KONTROL NUMARASI | |
| Denetim Alanı | 15585 |
| 003 - KONTROL NUMARASI IDENTIFIER | |
| Denetim Alanı | MIRAKIL |
| 005 - SON İŞLEM TARİHİ VE ZAMANI | |
| Denetim Alanı | 20181213154821.0 |
| 008 - SABİT-BOY VERİ ELEMANLARI - GENEL BİLGİLER | |
| Sabit Uzunlukta Kontrol Alanı | 160917b tu 000 0 |
| 020 ## - ULUSLARARASI STANDART KİTAP NUMARASI | |
| Uluslararası Standart Kitap Numarası | 9789759596644 |
| 040 ## - KATALOGLAMA KAYNAK | |
| Orijinal Kataloglama Ajansı | Milas |
| Kataloglama Dili | tur |
| Metne Dönüştürmek Ajansı | TR-AnCHP |
| 082 ## - DEWEY ONLU SINIFLANDIRMA NUMARASI | |
| Sınıflandırma Numarası | 340.309561 |
| Ürün Numarası | A71d 2010 |
| 090 ## - SINIFLAMA NUMARASI | |
| Sınıflama Numarası | 340.309561 A71d 2010 |
| 100 ## - ANA GİRİŞ - KİŞİSEL İSİM | |
| Kişisel Ad | Aşçıoğlu, Çetin |
| 245 ## - BAŞLIK TABLOSU | |
| Başlık | Doğru ve güvenli yargı özlemi ve yeniden yapılanma |
| Başlığın Kalan | (reform) |
| Sorumluluk Tablosu, Vb | Çetin Aşçıoğlu |
| 246 ## - UNVAN FORM VARYING | |
| Başlık Doğru / Kısa Başlığı | reform |
| 246 ## - UNVAN FORM VARYING | |
| Başlık Doğru / Kısa Başlığı | (reform) |
| 260 ## - YAYIN, DAĞITIM, VB | |
| Yayın, Dağıtım, Vb Yeri | Ankara |
| Yayıncı, Dağıtıcı, Vs Adı | [yayl.y.] |
| Yayın, Dağıtım, Vb Tarihi | 2010 |
| 300 ## - FİZİKSEL TANIM | |
| Kapsam | xi, 192 s. |
| Boyutlar | 24 sm. |
| 650 ## - KONU KATMA GİRİŞ - TOPİKAL DÖNEM | |
| Topikal Süreli Veya Coğrafi Ad Giriş Elemanı | Adalet yönetimi |
| Coğrafi Alt Bölümü | Türkiye |
| 650 ## - KONU KATMA GİRİŞ - TOPİKAL DÖNEM | |
| Topikal Süreli Veya Coğrafi Ad Giriş Elemanı | Hukuk reformu |
| Coğrafi Alt Bölümü | Türkiye |
| 650 ## - KONU KATMA GİRİŞ - TOPİKAL DÖNEM | |
| Topikal Süreli Veya Coğrafi Ad Giriş Elemanı | Yargı reformu |
| Coğrafi Alt Bölümü | Türkiye |
| 942 ## - EKLENDİ GİRİŞ ELEMANLARI (KOHA) | |
| Sınıflandırma Veya Raf Düzeni Kaynak | Dewey Decimal Classification |
| Koha Öğesi Türü | Books |
| 999 ## - SİSTEM KONTROL NUMARALARI (KOHA) | |
| Koha Biblionumber | 1375 |
| Koha Biblioitemnumber | 1375 |
| Kalıcı Konum | Mevcut Konum | Edinme Tarihi | Edinim Kaynak | Toplam Check-Out'Lar | Tam Çağrı Numarası | Barkod | Tarih Son Görülme | İtibaren Geçerli Fiyatlar | Koha Öğesi Türü | Kopya Sayısı |
|---|---|---|---|---|---|---|---|---|---|---|
| CHP Kütüphanesi | CHP Kütüphanesi | 09/17/2016 | Bağış | 340.309561 A71d 2010 | 003929 | 09/17/2016 | 09/17/2016 | Books | ||
| CHP Kütüphanesi | CHP Kütüphanesi | 10/24/2016 | Bağış | 340.309561 A71d 2010 | 008520 | 10/24/2016 | 10/24/2016 | Books | k.2 |
